000 00301nam a22001337a 4500
008 190226b xxu||||| |||| 00| 0 eng d
020 _a9781582552804
041 _aeng
080 _25th
_a610.73
100 _a2
101 _aINF
245 _aNurse's legal handbook
_cLiability,M
942 _2udc
_cBK
999 _c54258
_d54258